| 000 | 00695nam a2200229 a 4500 | ||
|---|---|---|---|
| 005 | 20230215063616.0 | ||
| 008 | 040225s2000 mx r 000 0 spa d | ||
| 020 | _a8449309670 | ||
| 035 | _aUPN01000132177 | ||
| 049 | _aCG | ||
| 050 | 4 |
_aHM291 _bB4.4 |
|
| 100 | 1 |
_aBlackmore, Susan, _d1951- |
|
| 245 | 1 | 3 |
_aLa máquina de los memes / _cSusan Blackmore ; tr. Montserrat Basté-Kraan ; pról. Richard Dawkis. |
| 260 |
_aBarcelona, Esp. : _bPaidós, _c2000. |
||
| 300 | _a356 p. | ||
| 440 | 0 |
_aPaidós transiciones ; _v25 |
|
| 534 |
_pTraducción de: _tThe meme machine |
||
| 650 | 4 | _aMEMETICA | |
| 650 | 2 |
_aImitación _922260 |
|
| 650 | 4 |
_aEVOLUCION DE LA CONDUCTA _99930 |
|
| 905 | _aLibro | ||
| 999 |
_c104332 _d104332 |
||